Správa o starom nepriateľovi

Medzinárodný menový fond vypracoval štúdiu, ktorá analyzuje ekonómiu recesie a správanie jednotlivých ekonomických veličín, ktoré charakterizujú a sčasti aj ovplyvňujú hospodársku činnosť. Recesia podľa definície amerického Národného úradu pre ekonomický výskum. Začiatok a koniec recesie. Základné č...

Ausführliche Beschreibung

Gespeichert in:
Bibliographische Detailangaben
1. Verfasser: Rejta, Štefan
Format: Buchkapitel
Sprache:Slowakisch
Schlagworte:
Tags: Tag hinzufügen
Keine Tags, Fügen Sie das erste Tag hinzu!

MARC

LEADER 00000naa a2200000 4500
001 r046399
005 20230920080936.1
041 0 |a slo 
044 |a SK 
245 1 0 |a Správa o starom nepriateľovi  |c Štefan Rejta 
520 |a Medzinárodný menový fond vypracoval štúdiu, ktorá analyzuje ekonómiu recesie a správanie jednotlivých ekonomických veličín, ktoré charakterizujú a sčasti aj ovplyvňujú hospodársku činnosť. Recesia podľa definície amerického Národného úradu pre ekonomický výskum. Začiatok a koniec recesie. Základné črty moderných cyklov a ich analýza. 
610 2 0 |a cykly hospodárske 
610 2 0 |a Medzinárodný menový fond 
610 2 0 |a správy výskumné 
610 2 0 |a recesia 
610 2 0 |a hospodárstvo svetové 
100 1 |a Rejta, Štefan